[Event "TCh-SWE Elitserien 2004-5"]
[Site "Stockholm/Eksjo SWE"]
[Date "2004.12.05"]
[Round "5"]
[White "Bator,R"]
[Black "Astrom,G"]
[Result "0-1"]
[WhiteElo "2419"]
[BlackElo "2308"]

1.d4 Nf6 2.Nf3 e6 3.c4 b6 4.a3 Bb7 5.Nc3 d5 6.cxd5 Nxd5 7.Bd2 Be7 8.Qa4+ c6
9.e4 Nxc3 10.Bxc3 O-O 11.Rd1 Nd7 12.Bd3 Qc7 13.O-O Rfd8 14.Rfe1 a5 15.Bb1 b5
16.Qb3 b4 17.axb4 axb4 18.Bd2 c5 19.Rc1 Qb6 20.d5 exd5 21.exd5 Qd6 22.Rc4 Bf6
23.Bf4 Qb6 24.d6 Ba6 25.Rce4 c4 26.Rxc4 Bxc4 27.Qxc4 Rac8 28.Qd5 Nf8 29.Ba2 Ne6
30.d7 Rc5 31.Qd3 Qc6 32.Bxe6 fxe6 33.Rd1 Rd5 34.Qe2 Rxd1+ 35.Qxd1 Qxd7 36.Nd2 Bxb2
37.Qb3 Bc3 38.Nf1 Qd5 39.Qc2 Qc4 40.g3 b3 41.Qc1 b2 42.Qc2 Qd3 43.Qb3 b1=Q  0-1

[Event "It"]
[Site "Subotica SCG"]
[Date "2004.12.11"]
[Round "3"]
[White "Kizov,A"]
[Black "Vidic,S"]
[Result "1-0"]
[WhiteElo "2355"]
[BlackElo "2267"]

1.d4 Nf6 2.c4 e6 3.Nf3 b6 4.a3 Bb7 5.Nc3 d5 6.Bg5 Be7 7.Bxf6 Bxf6 8.cxd5 exd5
9.Qa4+ c6 10.g3 O-O 11.Bg2 Re8 12.O-O Nd7 13.Rfd1 a5 14.e3 b5 15.Qc2 Nb6
16.a4 b4 17.Ne2 Nc4 18.Nd2 Nxd2 19.Rxd2 Qd6 20.Rc1 Bg5 21.Rcd1 Bc8 22.Nc1 Bg4
23.Re1 Qh6 24.Nb3 f5 25.f4 Be7 26.Rc1 Rec8 27.Qd3 Qe6 28.Rdc2 Bh5 29.Kf2 Be8
30.Nd2 Bd7 31.Nf3 Bd6 32.Ng5 Qe8 33.h4 h6 34.Nf3 b3 35.Qxb3 Rab8 36.Qd3 Rb4
37.b3 Rcb8 38.Rc3 R4b6 39.Rb1 Bb4 40.Rcc1 Ba3 41.Rd1 Bd6 42.Qc2 Rb4 43.Ne1 R4b6
44.Nd3 R8b7 45.Nc5 Bxc5 46.dxc5 Rb4 47.Rd4 Be6 48.Bf1 Qf7 49.Bd3 Qf6 50.Qc3 Qg6
51.Bc2 Qf6 52.Rbd1 g5 53.hxg5 hxg5 54.fxg5 Qxg5 55.Rxb4 axb4 56.Qe5 Qg6 57.Rh1 Rg7
58.a5 Kf7 59.Bd1 Rh7 60.Qc7+ Kg8 61.Qxh7+ Qxh7 62.Rxh7 Kxh7 63.a6 Bc8 64.a7 Bb7
65.Kf3 Kg6 66.Kf4  1-0

[Event "ch-GRE"]
[Site "Athens GRE"]
[Date "2004.12.12"]
[Round "9"]
[White "Banikas,H"]
[Black "Mastrovasilis,A"]
[Result "1-0"]
[WhiteElo "2538"]
[BlackElo "2502"]

1.d4 Nf6 2.c4 e6 3.Nf3 b6 4.a3 Ba6 5.Qc2 c5 6.d5 exd5 7.cxd5 g6 8.Nc3 Bg7
9.g3 O-O 10.Bg2 d6 11.O-O Nbd7 12.Bf4 Qe7 13.Rfe1 h6 14.h3 Nh5 15.Bd2 Ne5
16.Nxe5 Qxe5 17.e4 Nxg3 18.fxg3 Qxg3 19.Re3 Bd4 20.Re1 Qf4 21.e5 dxe5 22.Kh1 f5
23.Rxe5 Qg3 24.Re6 Bd3 25.Qd1 f4 26.Qf3 Qxf3 27.Bxf3 Bf5 28.Rc6 Rae8 29.Rxe8 Rxe8
30.Kg2 Be3 31.Bxe3 Rxe3 32.Bg4  1-0

[Event "It Chiburdanidze"]
[Site "Tblisi GEO"]
[Date "2004.12.12"]
[Round "10"]
[White "Lomineishvili,M"]
[Black "Dzagnidze,N"]
[Result "1/2-1/2"]
[WhiteElo "2429"]
[BlackElo "2484"]

1.d4 Nf6 2.c4 e6 3.Nf3 b6 4.a3 Bb7 5.Nc3 d5 6.cxd5 exd5 7.Qa4+ c6 8.Bg5 Be7
9.e3 O-O 10.Bd3 Nbd7 11.O-O h6 12.Bh4 Ne4 13.Bxe7 Qxe7 14.Rac1 Nd6 15.Ne2 c5
16.Nf4 c4 17.Bb1 b5 18.Qc2 Ne4 19.Nd2 Nef6 20.Rce1 Rfe8 21.f3 Qd6 22.Rf2 a5
23.Nf1 b4 24.axb4 axb4 25.Ng3 Nf8 26.Nf5 Qc7 27.g4 Ra1 28.h4 Qxf4 29.exf4 Rxe1+
30.Rf1 b3 31.Qd2 Rexb1 32.Rxb1 Rxb1+ 33.Kf2 Ne6 34.Nd6 Bc6 35.f5 Nf4 36.Qxf4 Rxb2+
37.Kg3 Re2 38.Nxf7 Kxf7 39.Qc7+ Bd7 40.g5 b2 41.Qb7 Ke8 42.Qb8+ Kf7 43.g6+ Ke7
44.Qb4+ Kd8 45.Qb6+ Kc8 46.Qa6+ Kc7 47.Qa7+ Kd8 48.Qb6+ Ke8 49.Qb8+ Bc8 50.Qxc8+ Ke7
51.Qc5+ Ke8 52.Qc8+ Ke7 53.Qc5+ Kd7 54.Qb5+ Kd8 55.Qb6+ Ke8 56.Qb8+ Ke7 57.Qb4+  1/2-1/2

[Event "Harmonie"]
[Site "Groningen NED"]
[Date "2004.12.24"]
[Round "4"]
[White "Kuzubov,Y"]
[Black "Brandenburg,D"]
[Result "1-0"]
[WhiteElo "2530"]
[BlackElo "2340"]

1.d4 Nf6 2.c4 e6 3.Nf3 b6 4.a3 Bb7 5.Nc3 d5 6.cxd5 Nxd5 7.e3 Nd7 8.Bd3 c5
9.Nxd5 exd5 10.dxc5 bxc5 11.O-O Be7 12.b4 c4 13.Bf5 O-O 14.Bb2 Nb6 15.Bc3 Bf6
16.Nd4 Bc8 17.Bc2 Bd7 18.a4 Be6 19.Qb1 Bxd4 20.Bxd4 f5 21.a5 Nc8 22.b5 Rf7
23.Qb4 Qd6 24.Bc5 Qd8 25.Rfd1 Qf6 26.Bd4 Qg5 27.f4 Qd8 28.Be5 Rd7 29.Ba4 Qe7
30.Rdb1 Rb7 31.b6 Qxb4 32.Rxb4 Ne7 33.Bd6 Kf7 34.Bxe7 Rxe7 35.Bc6 Rc8 36.a6 Rxc6
37.b7 Re8 38.b8=Q Rxb8 39.Rxb8 Bc8 40.Kf2 c3 41.Rc1 Bxa6 42.Rb3 c2 43.Ke1 Kf6
44.Kd2 Bc4 45.Rxc2 Rc7 46.Rb8 Rd7 47.Rcb2 d4 48.exd4 Rxd4+ 49.Kc3 Re4 50.R8b4 Bf1
51.Rxe4 fxe4 52.Kd4 Bd3 53.Rb7 a6 54.Ke3 h5 55.g3 g6 56.h3 Kf5 57.Rb6 Bf1
58.h4 Bb5 59.Rd6 Bf1 60.Rc6 Bd3 61.Kd4 Bb5 62.Rc5+ Kg4 63.Kxe4 Kxg3 64.Rg5+ Kxh4
65.Rxg6 Be8 66.Rg7 Kh3 67.f5 h4 68.f6 Kh2 69.Kf3  1-0

[Event "Open"]
[Site "Pamplona ESP"]
[Date "2004.12.26"]
[Round "6"]
[White "Garcia,Rau"]
[Black "Bruned,V"]
[Result "1-0"]
[WhiteElo "2259"]
[BlackElo "1928"]

1.d4 Nf6 2.Nf3 e6 3.c4 b6 4.a3 c5 5.d5 Bb7 6.Nc3 Be7 7.g3 d6 8.Bg2 exd5 9.cxd5 O-O
10.O-O Ba6 11.Re1 Nfd7 12.Bf4 Qc7 13.Rc1 Bf6 14.Ne4 Be7 15.b4 c4 16.Nd4 Ne5
17.Bxe5 dxe5 18.d6 Bxd6 19.Nf5 Be7 20.Nxe7+ Qxe7 21.Qd6 Qd7 22.Red1 Rd8 23.Nf6+ gxf6
24.Qxd7 Rxd7 25.Bxa8 b5 26.Be4 Bc8 27.Bf5 Rxd1+ 28.Rxd1 Bxf5 29.Rd8+ Kg7
30.Rxb8 c3 31.Rxb5 c2 32.Rc5 Kf8 33.f3 e4 34.Rxc2 exf3 35.Rd2 fxe2 36.Rxe2 Bd3
37.Re3 Bb5 38.Kf2 a6 39.Kf3 Kg7 40.Kf4 Kg6 41.Re7 Kg7 42.Ra7 Kf8 43.a4 Bxa4
44.Rxa6 Bb5 45.Rxf6 Ke7 46.Rb6  1-0

[Event "34th Rilton Cup"]
[Site "Stockholm SWE"]
[Date "2004.12.31"]
[Round "5"]
[White "Ask,J"]
[Black "Namini,A"]
[Result "1-0"]
[WhiteElo "2208"]
[BlackElo "2132"]

1.d4 Nf6 2.Nf3 e6 3.c4 b6 4.a3 Ba6 5.Qc2 Bb7 6.Nc3 c5 7.d5 exd5 8.cxd5 Nxd5
9.Qe4+ Qe7 10.Ne5 f5 11.Qxf5 Nxc3 12.Bg5 Qe6 13.Qxe6+ dxe6 14.bxc3 Nc6 15.Nxc6 Bxc6
16.O-O-O c4 17.Kb2 Bc5 18.f3 h6 19.Bc1 Ba4 20.Rd2 Be3 21.Rd6 Ke7 22.Rxe6+ Kxe6
23.Bxe3 Rhd8 24.Bd4 Rac8 25.e3 Rxd4 26.exd4 Kd5 27.Be2 a5 28.Re1 b5 29.f4 b4
30.Bg4 Rb8 31.Re5+ Kd6 32.axb4 axb4 33.cxb4 Rxb4+ 34.Kc3 Rb1 35.Kxc4 Bb3+
36.Kc3 Bd5 37.g3 Rb3+ 38.Kc2 Rb4 39.Re8 Rxd4 40.Rd8+ Ke7 41.Rd7+ Kf6 42.Kc3 Rc4+
43.Kd3 Bg8 44.Rd8  1-0

[Event "Open A"]
[Site "Krakow POL"]
[Date "2005.01.02"]
[Round "6"]
[White "Carstensen,J"]
[Black "Nurkiewicz,M"]
[Result "1-0"]
[WhiteElo "2311"]
[BlackElo "2406"]

1.d4 Nf6 2.c4 e6 3.Nf3 b6 4.a3 Bb7 5.Nc3 Be7 6.e3 O-O 7.Bd3 d5 8.cxd5 exd5
9.b4 Nbd7 10.O-O Re8 11.Bb2 Ne4 12.Rc1 a6 13.Ne5 Bd6 14.f4 Ndf6 15.Nxe4 Nxe4
16.Bxe4 dxe4 17.f5 Qg5 18.Rf4 h5 19.Qb3 Re7 20.Rcf1 Rd8 21.f6 gxf6 22.Rf5 Qg7
23.Rxf6 Bxe5 24.dxe5 Rd2 25.R6f2 Bd5 26.Qa4 Rxf2 27.Rxf2 Qg4 28.Qxa6 Kh7
29.Qf1 Rd7 30.Rf4 Qg5 31.Bd4 Bb3 32.h4 Qg6 33.Kh2 Be6 34.a4 Rd8 35.Rf6 Qg7
36.Qf4 Rg8 37.Qxe4+ Kh8 38.Qf3 Qg4 39.Rh6+ Kg7 40.Rxh5 Kf8 41.Qxg4 Rxg4 42.a5 bxa5
43.bxa5 Bd5 44.g3 Rg6 45.e6 Bxe6 46.a6 Rg8 47.a7 Ke7 48.Rb5 Ra8 49.Rb8 Bd5
50.h5  1-0

[Event "112th ch-NZL"]
[Site "Wanganui NZL"]
[Date "2005.01.09"]
[Round "10"]
[White "Smith,Ro"]
[Black "Dive,RJ"]
[Result "1/2-1/2"]
[WhiteElo "2251"]
[BlackElo "2334"]

1.d4 Nf6 2.c4 e6 3.Nf3 b6 4.a3 Bb7 5.Nc3 d5 6.cxd5 Nxd5 7.Qc2 Nd7 8.e4 Nxc3
9.bxc3 c5 10.Bd3 Qc7 11.O-O cxd4 12.cxd4 Qxc2 13.Bxc2 Be7 14.Bd3 O-O 15.Bb2 Rfd8
16.Rfd1 Rac8 17.Rac1 a6 18.a4 Nf6 19.Rxc8 Rxc8 20.Nd2 Bb4 21.f3 Nd7 22.Nc4 Bc6
23.Ra1 b5 24.Na3 bxa4 25.Bxa6 Rb8 26.Rd1 Be7 27.Bc1 Rb3 28.Rd3 Nb6 29.Kf2 Kf8
30.Ke2 f5 31.exf5 exf5 32.Rxb3 axb3 33.Kd3 Na4 34.Nc4 Bd5 35.Nb2 Ba3 36.Nxa4 Bxc1
37.Kc3 Ke7 38.Be2 Kf6 39.Bd1 Be3 40.Nb6 Be6 41.d5 Bxb6 42.dxe6 Kxe6 43.Bxb3+ Ke5
44.Kd3 Bg1 45.h3 Kf4 46.Ke2 g5 47.Kf1 Bc5 48.Be6 h5 49.Bc8 g4 50.fxg4 hxg4
51.hxg4 fxg4  1/2-1/2

[Event "XXX Open"]
[Site "Seville ESP"]
[Date "2005.01.11"]
[Round "5"]
[White "Kononenko,T"]
[Black "Pogorelov,R"]
[Result "1/2-1/2"]
[WhiteElo "2305"]
[BlackElo "2439"]

1.d4 Nf6 2.c4 e6 3.Nf3 b6 4.a3 Ba6 5.Qc2 Bb7 6.Nc3 c5 7.dxc5 Bxc5 8.Bg5 Be7
9.e4 d6 10.Be2 a6 11.O-O Qc7 12.b4 Nbd7 13.Rac1 Rc8 14.Qb1 Qb8 15.Nd2 O-O
16.f3 Bd8 17.Rfd1 d5 18.exd5 exd5 19.Bxf6 Nxf6 20.Nxd5 Nxd5 21.cxd5 Bxd5
22.Rxc8 Qxc8 23.Qd3 Bb7 24.Ne4 Bxe4 25.Qxe4 b5 26.Qb1 Qe6 27.Bd3 Bb6+ 28.Kh1 Qh6
29.g3 Rc8 30.Bf5 Rc3 31.Qe4 g6 32.Qe5 Qe3 33.Qxe3 Bxe3 34.Rd3 Rc1+ 35.Kg2 Rc2+
36.Kh1 gxf5 37.Rxe3 Ra2 38.f4 Kg7 39.h3 Kf6 40.Kg1 Rc2 41.Kh1 Ra2 42.Kg1  1/2-1/2

[Event "Corus C"]
[Site "Wijk aan Zee NED"]
[Date "2005.01.16"]
[Round "2"]
[White "Bosboom,M"]
[Black "Alekseev,Evgeny"]
[Result "1/2-1/2"]
[WhiteElo "2426"]
[BlackElo "2605"]

1.d4 Nf6 2.c4 e6 3.Nf3 b6 4.a3 Ba6 5.Qc2 Bb7 6.Nc3 c5 7.e4 cxd4 8.Nxd4 Bc5
9.Nb3 Nc6 10.Bf4 O-O 11.Nxc5 bxc5 12.Bd6 Nd4 13.Qd3 Re8 14.b4 e5 15.Rb1 cxb4
16.axb4 Re6 17.c5 Rc8 18.f3 Rxd6 19.cxd6 Ne8 20.Be2 Nxd6 21.Bd1 Qh4+ 22.g3 Qh3
23.Rb2 f5 24.Rf1 Qh6 25.Ra2 a6 26.Rff2 Kh8 27.Ra5 fxe4 28.Nxe4 Bxe4 29.fxe4 N6b5
30.Qd2 Qd6 31.Kf1 h6 32.Kg2 Rc3 33.Bg4 Qc6 34.Kh3 Ne6 35.Qd5 Nf4+ 36.Rxf4 exf4
37.Qxc6 dxc6 38.Rxa6 fxg3 39.hxg3 Kg8 40.Bh5 Kf8 41.Rb6 Nd6 42.Bg6 Re3 43.Kg4 Ke7
44.Rxc6 Rb3 45.Rb6 Nc4 46.Rb7+ Kf6 47.Be8  1/2-1/2

[Event "Open"]
[Site "Geneva SUI"]
[Date "2005.01.22"]
[Round "1"]
[White "Mazet,J"]
[Black "Palac,M"]
[Result "0-1"]
[WhiteElo "2216"]
[BlackElo "2575"]

1.d4 Nf6 2.Nf3 e6 3.c4 b6 4.a3 Ba6 5.Qc2 Bb7 6.Nc3 c5 7.dxc5 bxc5 8.Bg5 Be7
9.Rd1 d6 10.e3 O-O 11.Be2 Nbd7 12.O-O Qb6 13.Rd2 Rfd8 14.Rfd1 Nf8 15.Bh4 Ng6
16.Bg3 Nh5 17.Ne1 Nxg3 18.hxg3 Rab8 19.Nd3 Ba6 20.Nf4 Ne5 21.Qa4 Bb7 22.Rb1 Bc6
23.Qc2 Qb3 24.Qxb3 Rxb3 25.Rc1 Rdb8 26.Nd1 Kf8 27.Nd3 Bf6 28.f3 Ke7 29.g4 Nxd3
30.Rxd3 R3b6 31.Rd2 Bxb2 32.Nxb2 Rxb2 33.Rcd1 Ba4 34.Rxb2 Rxb2 35.Re1 Ra2
36.Kf2 Bb3 37.Rc1 a5 38.Rc3 Bd1  0-1

[Event "It"]
[Site "Chernigov UKR"]
[Date "2005.01.27"]
[Round "6"]
[White "Tuka,O"]
[Black "Nosenko,A"]
[Result "1-0"]
[WhiteElo "2297"]
[BlackElo "2509"]

1.d4 Nf6 2.Nf3 e6 3.c4 b6 4.a3 Ba6 5.Qc2 Bb7 6.Nc3 c5 7.e4 cxd4 8.Nxd4 Bc5
9.Nb3 Nc6 10.Bf4 O-O 11.Nxc5 bxc5 12.Bd6 Nd4 13.Qd3 Re8 14.b4 e5 15.Ra2 cxb4
16.axb4 Qb6 17.Bc5 Qc6 18.Nd5 a5 19.Ne7+ Rxe7 20.Bxe7 axb4 21.Rxa8+ Bxa8
22.f3 b3 23.Qc3 Nh5 24.Qa5 f6 25.Qd8+ Kf7 26.Qf8+ Kg6 27.Ba3 Nf4 28.Kf2 Nc2
29.g3 Ne6 30.Qe8+ Kh6 31.Bc1+ g5 32.h4 Qc5+ 33.Kg2 Ne1+ 34.Kh3 Nxf3 35.Qf7 Qf8
36.hxg5+  1-0

[Event "Open"]
[Site "Geneva SUI"]
[Date "2005.01.28"]
[Round "7"]
[White "Fairbairn,S"]
[Black "Buehler,Bea"]
[Result "1/2-1/2"]
[WhiteElo "2052"]
[BlackElo "2227"]

1.d4 Nf6 2.c4 e6 3.Nf3 b6 4.a3 Bb7 5.Nc3 Be7 6.Qc2 d5 7.cxd5 Nxd5 8.e4 Nxc3
9.bxc3 O-O 10.Bd3 c5 11.O-O Qc7 12.Qe2 Nd7 13.Rd1 Rfe8 14.Be3 Rac8 15.Nd2 Nf8
16.e5 cxd4 17.cxd4 Red8 18.Qg4 Ng6 19.Ne4 Rd7 20.f4 Qd8 21.Ng5 Bxg5 22.fxg5 Nxe5
23.Bxh7+ Kxh7 24.dxe5 g6 25.Rxd7 Qxd7 26.Rd1 Qb5 27.Qf4 Kg8 28.Rf1 Rc7 29.h4 Qc4
30.Rd1 Qxf4 31.Bxf4 Bd5 32.Rc1 Rxc1+ 33.Bxc1 Bb3 34.Kf2 Bd1 35.Ke3 Kf8 36.Kd4 Ke8
37.g3 Kd7 38.Bf4 Kc6 39.Kc4 Be2+ 40.Kb4 Kd5 41.Kc3 a5 42.Kb3 Kd4 43.Kb2 Kd3
44.Bc1 b5 45.Bf4 a4 46.Bc1 Bg4 47.Bf4 Bf5 48.Bc1 Kc4 49.Bd2 Kd4 50.Bf4 Be4
51.Ka1 Kc3 52.Be3 Bd5 53.Bf4 Kb3 54.Bc1 Be4 55.Bb2 Kc2 56.Ka2 Bd5+ 57.Ka1 Bc4
58.Bd4 Kd3 59.Bb2 Ke4 60.Bc3 Kf3 61.Be1 Ke2 62.Bc3 Kf2 63.Kb2 Kxg3 64.Be1+ Kf4
65.Bc3 Ke4 66.Ka1 Bd5 67.Kb2 Kd3 68.Bb4 Be4 69.Bc3 Kc4 70.Bb4 Bf5 71.Be1 Kd5
72.Bc3 b4 73.axb4 Kc4 74.Be1 Be4 75.Bd2 Bc6 76.Be1 Bb5 77.Bd2 Kd3 78.Be1 Bc6
79.b5 Bxb5 80.Bb4 Kd4 81.Bc3+ Kd5 82.Ka3 Kc4 83.Bb2 Bc6 84.Bc1 Kd3 85.Bb2 Ke3
86.Kb4 Kf3 87.Bc3 Ke2 88.Ka3 Kd3 89.Bb2 Ke4 90.Bc3 Bd7 91.Kb4 Ke3 92.Ka3 Kd3
93.Bb2 Kc2 94.Bd4 Kd2 95.Bb2 Ke3 96.Bc3 Ke2 97.Bd4 Kd3 98.Bb2 Be8 99.Kb4 Ke4
100.Ka3 Kf3 101.Bc3 Kf4 102.Kb4 Bc6 103.Ka3 Kf3 104.Kb4  1/2-1/2

[Event "Oceania zt"]
[Site "Auckland NZL"]
[Date "2005.01.30"]
[Round "1"]
[White "Smith,Ro"]
[Black "Thornton,G"]
[Result "1-0"]
[WhiteElo "2233"]
[BlackElo "1995"]

1.d4 Nf6 2.Nf3 e6 3.c4 b6 4.a3 Bb7 5.Nc3 Be7 6.g3 d5 7.cxd5 exd5 8.Bg2 O-O
9.O-O Nc6 10.Bf4 Na5 11.b4 Nc4 12.Ne5 Nd6 13.Qb3 Nf5 14.Rfd1 c6 15.Rac1 Rc8
16.Bh3 g6 17.Qb1 Nd6 18.Bxc8 Qxc8 19.Kg2 Qe6 20.f3 Nf5 21.Qd3 Nh5 22.Bd2 c5
23.bxc5 bxc5 24.Be3 cxd4 25.Bxd4 Nh4+ 26.Kf1 Ba6 27.Ng4 Bg5 28.gxh4 Bxd3
29.hxg5 Re8 30.Rxd3 Qa6 31.Nh6+ Kf8 32.Nxd5 Rxe2 33.Kxe2 Qe6+ 34.Re3 Qh3
35.Ng4 Qg2+ 36.Kd3  1-0

[Event "10th HIT Open A"]
[Site "Nova Gorica SLO"]
[Date "2005.02.02"]
[Round "8"]
[White "Cvitan,O"]
[Black "Zorko,Ju"]
[Result "1/2-1/2"]
[WhiteElo "2520"]
[BlackElo "2300"]

1.c4 e6 2.Nf3 Nf6 3.d4 b6 4.a3 Bb7 5.Nc3 d5 6.cxd5 Nxd5 7.Qc2 Nxc3 8.bxc3 Be7
9.e4 c5 10.Bb5+ Bc6 11.Bd3 O-O 12.O-O cxd4 13.cxd4 Bb7 14.Bb2 Nd7 15.Qe2 Rc8
16.Rad1 Qc7 17.Qe3 Rfe8 18.Rc1 Qb8 19.Bb5 Rxc1 20.Rxc1 Rd8 21.h3 Nf6 22.Bd3 Rc8
23.Re1 Qc7 24.Ne5 b5 25.Nf3  1/2-1/2

[Event "ch-POL u-20"]
[Site "Sroda Wlkp. POL"]
[Date "2005.02.04"]
[Round "6"]
[White "Wojtaszek,R"]
[Black "Gajewski,G"]
[Result "1-0"]
[WhiteElo "2553"]
[BlackElo "2401"]

1.d4 e6 2.c4 Nf6 3.Nf3 b6 4.a3 Bb7 5.Nc3 d5 6.cxd5 Nxd5 7.Qc2 Be7 8.e4 Nxc3
9.bxc3 O-O 10.Bd3 c5 11.O-O Qc7 12.Qe2 Nd7 13.e5 Rfd8 14.h4 Nf8 15.Be3 Bd5
16.Ng5 Qb7 17.Qg4 cxd4 18.cxd4 h6 19.Nh3 h5 20.Qg3 Be4 21.Be2 Ng6 22.Ng5 Bxg5
23.Qxg5 Qe7 24.Qxh5 Qxh4 25.Qxh4 Nxh4 26.Bg5 Nf5 27.Bxd8 Nxd4 28.Ba6 Rxd8
29.Rac1 Nb3 30.Rc7 Rd4 31.Rc4 Rxc4 32.Bxc4 Nc5 33.Rd1 Kf8 34.f3 Bb7 35.Rd8+ Ke7
36.Rg8 Nd7 37.f4 g6 38.Kf2 a6 39.g3 Nc5 40.Ke3 Nd7 41.Bd3 b5 42.Kd4 Nf8 43.Kc3 Nd7
44.Kb4 Nf8 45.Rg7 Ke8 46.Kc5 Ke7 47.Kb6 Nd7+ 48.Kc7 Kf8 49.Rh7 Nc5 50.Bxg6 fxg6
51.Kb6  1-0

[Event "ch-FRA Top 16 GpA"]
[Site "Mulhouse FRA"]
[Date "2005.02.05"]
[Round "2"]
[White "Slobodjan,R"]
[Black "Adams,Mi"]
[Result "0-1"]
[WhiteElo "2544"]
[BlackElo "2741"]

1.d4 Nf6 2.c4 e6 3.Nf3 b6 4.a3 Ba6 5.e3 d5 6.Nbd2 c5 7.b3 cxd4 8.exd4 g6
9.Bb2 dxc4 10.bxc4 Bg7 11.Ne5 Bb7 12.Qa4+ Nfd7 13.c5 bxc5 14.Bb5 Bxg2 15.Rg1 Bd5
16.Rc1 Bxe5 17.dxe5 O-O 18.Rc3 c4 19.Bxc4 Nb6 20.Qc2 Nxc4 21.Nxc4 Nc6 22.Rh3 Bxc4
23.Qxc4 Rb8 24.Qc1 Qa5+ 25.Bc3 Qd5 26.Kf1 Rfd8 27.Be1 Nxe5 28.Qh6 Qc4+ 29.Kg2 Qe4+
30.Kf1 Nf3 31.Qxh7+ Kf8 32.Rxf3 Qxf3 33.Qh8+ Ke7 34.Qh4+ Ke8 35.Rg3 Qh1+
36.Rg1 Qc6 37.Rg3 Qh1+ 38.Rg1 Qd5 39.Rg5 Qd4 40.Rg4 Qa1 41.Kg2 Rb1  0-1

[Event "FSGM February"]
[Site "Budapest HUN"]
[Date "2005.02.10"]
[Round "6"]
[White "Almasi,I"]
[Black "Thinius,M"]
[Result "1-0"]
[WhiteElo "2427"]
[BlackElo "2384"]

1.d4 Nf6 2.c4 e6 3.Nf3 b6 4.a3 Ba6 5.Qc2 Bb7 6.Nc3 c5 7.e4 cxd4 8.Nxd4 Nc6
9.Nxc6 Bxc6 10.Bf4 Bc5 11.Be2 O-O 12.Rd1 a5 13.O-O Qe7 14.Bg5 h6 15.Bh4 d6
16.Kh1 g5 17.Bg3 e5 18.f3 Nh5 19.Be1 Nf4 20.Nd5 Nxd5 21.cxd5 Bd7 22.Bc3 Rfc8
23.Qd2 a4 24.Bd3 Rf8 25.g4 Kh7 26.Kg2 Rh8 27.Rh1 h5 28.h3 Kg6 29.Rdf1 Rh6
30.Qe2 Qe8 31.h4 hxg4 32.hxg5 Rxh1 33.Rxh1 Kg7 34.f4 Qe7 35.Qe1 Rg8 36.Rh7+ Kf8
37.Qh4 Be3 38.Rh8 f6 39.gxf6 Qf7 40.Rh7  1-0

[Event "FSIMB February"]
[Site "Budapest HUN"]
[Date "2005.02.12"]
[Round "8"]
[White "Szeberenyi,A"]
[Black "Lengyel,B"]
[Result "1-0"]
[WhiteElo "2357"]
[BlackElo "2313"]

1.d4 Nf6 2.c4 e6 3.Nf3 b6 4.a3 Bb7 5.Nc3 d5 6.Bg5 Be7 7.Bxf6 Bxf6 8.cxd5 exd5
9.Qb3 O-O 10.Rd1 Re8 11.e3 g6 12.Bd3 Bg7 13.O-O c6 14.Rfe1 Na6 15.e4 Nc7
16.exd5 Rxe1+ 17.Rxe1 cxd5 18.Bb1 Ne6 19.Qa4 a6 20.Ba2 Qd6 21.Ne5 Rc8 22.Qd1 Rc7
23.g3 b5 24.f4 Re7 25.h4 Kf8 26.Kh2 h5 27.Re2 Bf6 28.Rd2 Re8 29.Qf3 Rd8 30.Qf2 Ng7
31.Nd1 Nf5 32.Ne3 Nxe3 33.Qxe3 Kg7 34.Rc2 Re8 35.Qf3 Rd8 36.Rc5 Kg8 37.Qc3 Qe6
38.Rc7 Bxe5 39.fxe5 Qf5 40.Qc2 Bc8 41.Qxf5 Bxf5 42.Rc6 Be4 43.Kg1 Rb8 44.b4 Kf8
45.Kf2 Ke7 46.Ke3 g5 47.hxg5 h4 48.gxh4 Rh8 49.Rc5 Ke6 50.Rc6+ Ke7 51.Rd6 Rxh4
52.Bxd5 Bxd5 53.Rxd5 Rh3+ 54.Ke4 Rxa3 55.Rd6 Ra4 56.g6 fxg6 57.Rxg6 Rxb4
58.Rxa6 Rb1 59.Kd5 b4 60.Ra7+ Kf8 61.Ke6 b3 62.Rb7 Rd1 63.d5 Rd3 64.d6  1-0

[Event "71st ch-BRA"]
[Site "Sao Paulo BRA"]
[Date "2005.02.14"]
[Round "1"]
[White "Name,G"]
[Black "Limp,E"]
[Result "0-1"]
[WhiteElo "2198"]
[BlackElo "2445"]

1.d4 Nf6 2.c4 e6 3.Nf3 b6 4.a3 Bb7 5.Nc3 d5 6.Bg5 Be7 7.e3 O-O 8.Qc2 Nbd7
9.Rd1 Ne4 10.Bf4 Bd6 11.Bg3 Nxc3 12.Qxc3 Nf6 13.Qc2 Qe7 14.Bh4 h6 15.Ne5 g5
16.Bg3 Ne4 17.cxd5 exd5 18.Be2 Kg7 19.Nf3 h5 20.Bxd6 cxd6 21.g3 f5 22.h4 f4
23.gxf4 gxf4 24.Qb3 Kh8 25.exf4 Rxf4 26.Qe3 Raf8 27.Rc1 Qf6 28.Rc7 Ba6 29.Ng5 Bxe2
30.Qxe2 Qg6 31.Nh3 Rxh4 32.Rg1 Rg4 33.Rh1 Ng3 34.fxg3 Rxg3 35.Rg1 Re8  0-1

[Event "XI Open"]
[Site "Coria del Rio BRA"]
[Date "2005.02.15"]
[Round "6"]
[White "Kononenko,T"]
[Black "Campora,D"]
[Result "1/2-1/2"]
[WhiteElo "2374"]
[BlackElo "2529"]

1.d4 Nf6 2.c4 e6 3.Nf3 b6 4.a3 Bb7 5.Nc3 d5 6.cxd5 exd5 7.Bg5 Be7 8.Bxf6 Bxf6
9.Qb3 O-O 10.e3 Re8 11.Rd1 c6 12.Bd3 Na6 13.O-O Nc7 14.Rfe1 Ne6 15.Bb1 g6
16.Ba2 Qc7 17.Qc2 Rad8 18.b4 Bg7 19.Rc1 Qc8 20.Red1 Re7 21.b5 c5 22.dxc5 Bxc3
23.c6 Bf6 24.cxb7 Qxb7 25.Qd2 Rc7 26.Rxc7 Nxc7 27.Nd4 a6 28.bxa6 Qxa6 29.Qc2 Qa7
30.Qc6 Kg7 31.Rc1 Na6 32.Rb1 Nc5 33.Rxb6 Be7 34.Qb5 Qa4 35.Qxa4 Nxa4 36.Rb7 Bf6
37.g4  1/2-1/2

[Event "Extraliga CZE 2004-5"]
[Site "Czech Rep CZE"]
[Date "2005.02.19"]
[Round "6"]
[White "Markos,J"]
[Black "Macieja,B"]
[Result "1/2-1/2"]
[WhiteElo "2454"]
[BlackElo "2618"]

1.d4 Nf6 2.c4 e6 3.Nf3 b6 4.a3 Ba6 5.Qc2 Bb7 6.Nc3 c5 7.e4 cxd4 8.Nxd4 Nc6
9.Nxc6 Bxc6 10.Qe2 e5 11.Bg5 h6 12.Bxf6 Qxf6 13.g3 Bc5 14.Bg2 Rc8 15.Rc1 h5
16.h4 Qh6 17.Rc2 f5 18.Nd5 Bxd5 19.cxd5 O-O 20.b4 Bd4 21.exf5 Rxc2 22.Qxc2 g6
23.f6 Rxf6 24.O-O  1/2-1/2

[Event "3rd Breizh Masters"]
[Site "Guingamp FRA"]
[Date "2005.02.20"]
[Round "3"]
[White "Sulypa,A"]
[Black "Dumitrache,D"]
[Result "1/2-1/2"]
[WhiteElo "2497"]
[BlackElo "2465"]

1.d4 Nf6 2.c4 e6 3.Nf3 b6 4.a3 Ba6 5.Qc2 c5 6.d5 exd5 7.cxd5 g6 8.Nc3 Bg7
9.g3 O-O 10.Bg2 d6 11.O-O Re8 12.Re1  1/2-1/2

[Event "City-ch m g/30"]
[Site "Cordoba City ARG"]
[Date "2005.02.22"]
[Round "1"]
[White "Soppe,G"]
[Black "Monier,R"]
[Result "0-1"]
[WhiteElo "2451"]
[BlackElo "2412"]

1.d4 Nf6 2.c4 e6 3.Nf3 b6 4.a3 Ba6 5.Qc2 c5 6.d5 exd5 7.cxd5 g6 8.Nc3 Bg7
9.g3 O-O 10.Bg2 d6 11.O-O Re8 12.Re1 b5 13.e4 b4 14.axb4 cxb4 15.Nd1 Bb7
16.Bg5 h6 17.Bf4 Na6 18.h3 Nc5 19.Bxd6 Qxd6 20.e5 b3 21.Qb1 Qxd5 22.exf6 Bxf6
23.Rxe8+ Rxe8 24.Ne3 Qd3 25.Qxd3 Nxd3 26.Rxa7 Rb8 27.Nd2 Bxg2 28.Kxg2 Bxb2
29.Nd5 Bc1 30.Nb1 b2 31.Rd7 Ne5 32.Re7 Nc4 33.Rc7 Nd2 34.Ndc3 Kg7 35.Nxd2 Bxd2
36.Nb1 Bc1 37.Rd7 Ra8 38.Rb7 Ra1 39.Nc3 Bd2 40.Ne4 b1=Q 41.Rxb1 Rxb1 42.Nxd2 Rb2  0-1

[Event "Mimoza Open"]
[Site "Herceg Novi SCG"]
[Date "2005.02.26"]
[Round "3"]
[White "Nestorovic,De"]
[Black "Petijevic,V"]
[Result "1-0"]
[WhiteElo "2402"]
[BlackElo "2270"]

1.d4 Nf6 2.c4 e6 3.Nf3 b6 4.a3 Bb7 5.Nc3 d5 6.cxd5 Nxd5 7.Qc2 Nxc3 8.Qxc3 Nd7
9.Bg5 f6 10.Bf4 Bd6 11.Bg3 Qe7 12.e3 O-O 13.Rd1 Kh8 14.Bb5 Rac8 15.Bc6 Ba6
16.b4 Rcd8 17.b5 Bc8 18.O-O a5 19.Nd2 Nb8 20.Bf3 e5 21.dxe5 Bxe5 22.Bxe5 fxe5
23.Be4 Bg4 24.Nf3 Rxd1 25.Rxd1 Nd7 26.Qxc7 Qxa3 27.h3 Bxf3 28.Bxf3 Nf6 29.Qxe5 h6
30.Qc7 Qb3 31.Qxb6 a4 32.Qd6 Re8 33.Qd3 Qb4 34.Rb1 Qc5 35.b6 a3 36.b7 Qe5
37.Qxa3  1-0

[Event "FSGM March"]
[Site "Budapest HUN"]
[Date "2005.03.05"]
[Round "1"]
[White "Kallio,H"]
[Black "Greet,A"]
[Result "1-0"]
[WhiteElo "2469"]
[BlackElo "2389"]

1.d4 Nf6 2.c4 e6 3.Nf3 b6 4.a3 Ba6 5.Qc2 Bb7 6.Nc3 c5 7.e4 cxd4 8.Nxd4 Bc5
9.Nb3 Nc6 10.Nxc5 bxc5 11.Bd3 d6 12.Rb1 a5 13.Bg5 h6 14.Bh4 e5 15.Qd1 Rb8
16.O-O g5 17.Bg3 Bc8 18.Re1 Kf8 19.Bf1 Kg7 20.Nb5 Nd4 21.b4 Nxb5 22.cxb5 axb4
23.axb4 cxb4 24.Rxb4 Qb6 25.Ra4 Bb7 26.h4 Ra8 27.hxg5 hxg5 28.Rxa8 Rxa8 29.Qf3 Ra4
30.Qf5 Nxe4 31.Bd3 Nxg3 32.Qxg5+ Kf8 33.Qh6+ Ke8 34.Rxe5+ Kd7 35.Qh3+ Kc7
36.Re7+ Kb8 37.Qxg3 Ra1+ 38.Kh2 Qc5 39.Qg8+ Bc8 40.Qxf7 Qd4 41.Be4 Qb6 42.Qd5 Ra7
43.Rxa7  1-0

[Event "TCh-ISL 2004-5"]
[Site "Reykjavik ISL"]
[Date "2005.03.05"]
[Round "6"]
[White "Johannesson,I"]
[Black "Kjartansson,G"]
[Result "1-0"]
[WhiteElo "2315"]
[BlackElo "2199"]

1.d4 Nf6 2.c4 e6 3.Nf3 b6 4.a3 Bb7 5.Nc3 d5 6.cxd5 Nxd5 7.Bd2 g6 8.Nxd5 exd5
9.Bg5 f6 10.Bf4 Bd6 11.Bxd6 Qxd6 12.Rc1 Nd7 13.e3 O-O-O 14.Bb5 Kb8 15.O-O c6
16.Bd3 f5 17.Qd2 Rhf8 18.Qb4 Qxb4 19.axb4 Rfe8 20.Rc3 Rc8 21.Ra1 b5 22.Rac1 a6
23.h4 Ka7 24.Ng5 Re7 25.Nh3 Kb6 26.Nf4 Ra8 27.Ra3 Nf6 28.Kf1 Bc8 29.Ra5 Ne8
30.Bxb5 Rc7 31.Be2 Bd7 32.Rca1 Rca7 33.Nd3 Nd6 34.Nc5 Bc8 35.Rc1 Ne4 36.Na4+ Kb7
37.Ke1 Rb8 38.f3 Nd6 39.Nc5+ Kb6 40.Rca1 Kc7 41.Bxa6 Rxb4 42.Bxc8 Rxa5 43.Rxa5 Kxc8
44.Ra8+ Rb8 45.Rxb8+ Kxb8 46.Nd7+ Kc7 47.Nf8 Nc4 48.Ke2 Kd6 49.b3 Na5 50.b4 Nb3
51.g3 Nc1+ 52.Kd2 Na2 53.Nxh7 Ke7 54.Ng5 Nxb4 55.Nh3 Na6 56.Nf4 Kf6 57.Kc3 g5
58.hxg5+ Kxg5 59.Nd3 Kf6 60.Ne5 Nc7 61.Nxc6 Ne6 62.Ne5 Ng7 63.Nd3 Ne6 64.Kd2 Ng5
65.Ke2 Ke6 66.Ne5 Nh7 67.Nd3 Nf6 68.Nf4+ Kd6 69.Kf2 Ne8 70.Kg2 Nc7 71.g4 fxg4
72.fxg4 Ne8 73.Kg3 Nf6 74.g5 Ne4+ 75.Kg4 Nf2+ 76.Kf5 Nd1 77.Ng2 Ke7 78.g6 Kf8
79.Kf6 Kg8 80.g7 Nf2 81.Nf4 Ng4+ 82.Kg6 Nxe3 83.Nh5  1-0